| 000 | 00000nam##2200000za#4500 |
| 001 | 9.640072 |
| 003 | CaOODSP |
| 005 | 20210624222507 |
| 007 | cr ||||||||||| |
| 008 | 150407|2000||||xxc|||||o f|0| 0 fre|d |
| 040 | |aCaOODSP|bfre |
| 043 | |an-cn--- |
| 086 | 1 |aSN3-329/2000F-IN |
| 110 | 1 |aCanada.|bBibliothèque nationale du Canada. |
| 245 | 13|aLe fonds Oscar-Peterson : |h[ressource électronique]|brépertoire numérique / |cpar Stéphane Jean. |
| 260 | |aOttawa - Ontario : |bBibliothèque nationale du Canada |cc2000. |
| 300 | |a49p.|bindex |
| 500 | |aDonnées de catalogage avant publication (Canada) imprimées dans cette publication. N.B.: Le numéro de catalogue (SN3-329/2000F-IN) imprimé dans cette publication est incorrect. |
| 504 | |aBibliographie. |
| 590 | |a12-17-Supp|b2012-04-20 |
| 691 | 07|aMusique|2gcpds |
| 691 | 07|aArchives|2gcpds |
| 720 | 1 |aJean, Stéphane |
| 775 | 08|tThe Oscar Peterson fonds : |w(CaOODSP)9.695952 |
| 776 | 0#|tLe fonds Oscar-Peterson : |w(CaOODSP)9.681144 |
| 856 | 40|ahttp://publications.gc.ca|qPDF|s480 Ko|uhttps://publications.gc.ca/collections/Collection/SN3-329-2000F.pdf |